000
00307nam a2200121Ia 4500
008
220204s9999 xx 000 0 und d
082
_a
547.12
_b
GIL
100
_a
Gilchrist, T L
245
0
_a
Carbenes nitrenes and arynes
260
_a
New York
_b
Appleton Century
_c
1969
700
_a
Rees, C W
942
_c
BK
999
_c
33379
_d
33379